Zábavné Vánoce : hraj si, hledej, vyprávěj /

Interaktivní knížka, ve které může malý čtenář pomoci lesním zvířátkům přichystat Vánoce.

Hlavní autor: Sternbaum, Nico
Další autoři: Hrdá, Jitka, 1989-
Jazyk: Čeština
Vydáno: V Brně : Edika, 2024
Vydání: 1. vydání
Témata:
Fyzický popis: 40 nečíslovaných stran : barevné ilustrace ; 21 x 22 cm
Knihy
Uloženo v:
LEADER 02543nam a2200541 i 4500
001 nkc20243640270
003 CZ PrNK
005 20250106121604.0
007 ta
008 241029s2024 xr a a 000 j cze
015 |a cnb003640270 
020 |a 978-80-266-1973-4  |q (vázáno) :  |c Kč 299,00 
035 |a (OCoLC)1483792431 
040 |a ABG001  |b cze  |e rda 
041 1 |a cze  |h ger 
072 7 |a 821.112.2-3  |x Německá próza, německy psaná  |2 Konspekt  |9 25 
072 7 |a 821-93  |x Literatura pro děti a mládež (beletrie)  |2 Konspekt  |9 26 
080 |a 821.112.2-32  |2 MRF 
080 |a 821-93  |2 MRF 
080 |a 27-565.3  |2 MRF 
080 |a (0:82-32)  |2 MRF 
100 1 |a Sternbaum, Nico  |7 xx0324962  |4 aut  |4 ill 
240 1 0 |a Schüttel den Weihnachtsbaum.  |l Česky 
245 1 0 |a Zábavné Vánoce :  |b hraj si, hledej, vyprávěj /  |c Nico Sternbaum ; z německého originálu Schüttel den Weihnachtsbaum ... přeložila Jitka Hrdá 
246 3 0 |a Hraj si, hledej, vyprávěj 
250 |a 1. vydání 
264 1 |a V Brně :  |b Edika,  |c 2024 
300 |a 40 nečíslovaných stran :  |b barevné ilustrace ;  |c 21 x 22 cm 
336 |a text  |b txt  |2 rdacontent 
336 |a statický obraz  |b sti  |2 rdacontent 
337 |a bez média  |b n  |2 rdamedia 
338 |a svazek  |b nc  |2 rdacarrier 
520 2 |a Interaktivní knížka, ve které může malý čtenář pomoci lesním zvířátkům přichystat Vánoce.  |b Vánoce se kvapem blíží. Jedlička se už moc těší, až ji zvířátka společně ozdobí. Jenže má větvičky samý sníh. Veverky chtějí jít sáňkovat a čekají, až jim někdo odstartuje závod. Zajíčci si postavili zaječího sněhuláka, kterému vítr odfoukl oblečení. Ale kam? Teď se můžeš do příběhu zapojit i ty. Můžeš s knihou třást, foukat na ni nebo zvedat ruce do vzduchu, podle toho, co se na stránkách právě děje. Nakladatelská anotace. Kráceno. 
521 8 |a Pro děti od 4 let 
650 0 7 |a vánoční doba  |7 ph506468  |2 czenas 
650 0 9 |a Christmastide  |2 eczenas 
655 7 |a německé příběhy  |7 fd132944  |2 czenas 
655 7 |a publikace pro děti  |7 fd133156  |2 czenas 
655 9 |a German stories  |2 eczenas 
655 9 |a children's literature  |2 eczenas 
700 1 |a Hrdá, Jitka,  |d 1989-  |7 xx0314362  |4 trl 
910 2 |a BOA001  |b 2-1534.900 
920 |a 5022722  |z ABG001 
928 9 |a Albatros Media - Edika 
990 |a BK 
995 |a 01 
991 |b 202412  |c NOV 
996 6 |b 2610988622  |c 2-1534.900  |l MZK  |r Sklad / do 1 hodiny  |n 0  |p p.v.  |w 001987094  |u 000010  |a 1  |e BOA001  |j MZK50  |s P